Регионална библиотека "Любен Каравелов" - Русе

Завещанието (Запис номер 24644)

MARC детайли
000 -Лидер
Контролно поле с фиксирана дължина 01313nam a2200337 c 4500
003 - Код на организацията, давaща контролен номер
Контролно поле BLK
005 - Дата и час на последна редакция
Контролно поле 20250802120358.0
008 - Елементи от данни с фиксирана дължина
fixed length control field 180413b bul|||||r ||||||| ||bul||
010 ## - Наследен системен номер
LC control number KNG00027161000
020 ## - Международен стандартен номер на книга ISBN
Международен стандартен номер на книга ISBN 954-8240-68-8
-- издат.: Обсидан
040 ## - Източник на каталожния запис
Идентификатор на билиотеката - собственик на записа BLK
041 ## - Код за език
Код за езика на текст/звукозапис или на отделно заглавие Български
Код за езика КДБФ Български
080 ## - УДК
Текстов определител УДК Американска литература (на САЩ)
УДК код - определител по УДК 821.111(73)
УДК определител -312.4
УДК - код + определител 821.111(73)-312.4
100 1# - Редна дума - Автор
Автор Гришам, Джон
Авторска отговорност първи автор
R(LIN) 56458
139 ## - Редно поле
Редна дума Гришам, Джон
Авторски знак Грин - Г 84
245 10 - Сведения за заглавието
Заглавие Завещанието
Подзаглавни данни Роман
Редно поле (дума) Джон Гришам; прев. от англ. Владимир Германов.
257 ## - Страна на издаване
Страна на създаване/издаване Съединени американски щати
260 ## - Област на издателските данни
-- София
Име на издателя, разпространителя и проч. Обсидан
Година на издаване 1999
Печатница В. Търново : Абагар ООД
300 ## - Физическа характеристика
Страници 416 с.
Размери/Мащаб 20 см
380 ## - Жанр
Жанр Худож. лит.
500 ## - Общи забележки
Забележка Ориг. загл. The Testament / John Grisham. - Офс. изд. - 15 000 тир. ; доп. тир. 2001.
653 ## - Ключова дума – ненормативна
Ключова дума трилъри
653 ## - Ключова дума – ненормативна
Ключова дума романи
700 1# - Други автори (авторска отговорност)
Лично име Германов, Владимир
Автороска отговорност (Описва отношението между автора и произведението) прев. от англ.
9 (RLIN) 363432
852 ## - Местоположение
Форматна сигнатура Цб 200616
856 4# - Електронен адрес и достъп
Електронен формат pdf - файл
Път до файла /url/
856 4# - Електронен адрес и достъп
Електронен формат pdf - файл
Път до файла /url/
942 ## - АРТИКУЛИ
Вид на библиотечния материал Книги
Скрит в OPAC Не
Koha issues (borrowed), all copies 36
944 ## - СЪЗДАВАНЕ И РЕДАКЦИЯ на ЗАПИСА
Създаване/Редакция Създаване
Дата на регистрацията/редакция 15.01.2003
Статус, дата на статуса Русанова Ирена
Служител, извършил регистрацията/редакцията 30542
944 ## - СЪЗДАВАНЕ И РЕДАКЦИЯ на ЗАПИСА
Създаване/Редакция Редакция
Дата на регистрацията/редакция 10.12.2013
Статус, дата на статуса ф /
Служител, извършил регистрацията/редакцията
999 ## - СИСТЕМНИ КОНТРОЛНИ НОМЕРА
Koha biblionumber 24644
Koha biblioitemnumber 24644
Наличности
Код за отписване Код за изгубен артикул Източник на класификационната схема Код за повреда Коз за рестрикции Код за отдаване Артикулен № Име на библиотеката - собственик Име на библиотеката, в която се намира в момента Статус (Текущо местоположение) Дата на вписване в системата Местоположение - отдел Цена в лева Инвентарен номер Систематично азбучна сигнатура Баркод Номер на екземпляра Цена в евро Служебна бележка Служебен тип на артикула
Изтеглен Не е изгубен Universal Decimal Classification Не е повреден без рестрикции заемане за дома 40588 Регионална библиотека "Любен Каравелов" Русе Регионална библиотека "Любен Каравелов" Русе Заемна - подръчен фонд 2001-01-01 Заемна - подръчен фонд 6.50 648372 П 820(73)-31/Г 84 648372 1 3.32 Дост: Pk Вид: Ф N: стар фонд Дата: 01.01.1999 Книги
  Не е изгубен Universal Decimal Classification Не е повреден без рестрикции ползва се в читалня 40589 Регионална библиотека "Любен Каравелов" Русе Регионална библиотека "Любен Каравелов" Русе Хранилище 2001-01-01 Хранилище 0.01 649438 Цб 200616 120000649438 2 0.01 Дост: Dp Вид: Д N: стар фонд Дата: 01.01.1999 Книги
Изтеглен Не е изгубен Universal Decimal Classification Не е повреден без рестрикции заемане за дома 40590 Регионална библиотека "Любен Каравелов" Русе Регионална библиотека "Любен Каравелов" Русе Заемна - подръчен фонд 2001-12-28 Заемна - подръчен фонд 8.00 668213 П 820(73)-31/Г 84 668213 3 4.09 Дост: Pk Вид: Ф N: 44 Дата: 23.11.2001 Книги
Изтеглен Не е изгубен Universal Decimal Classification Не е повреден без рестрикции заемане за дома 40591 Регионална библиотека "Любен Каравелов" Русе Регионална библиотека "Любен Каравелов" Русе Заемна - подръчен фонд 2001-11-23 Заемна - подръчен фонд 8.00 668214 П 820(73)-31/Г 84 668214 4 4.09 Дост: Pk Вид: Ф N: 44 Дата: 23.11.2001 Книги
Изтеглен Не е изгубен Universal Decimal Classification Не е повреден без рестрикции заемане за дома 40592 Регионална библиотека "Любен Каравелов" Русе Регионална библиотека "Любен Каравелов" Русе Заемна - подръчен фонд 2005-04-20 Заемна - подръчен фонд 4.50 120000693355 П 820(73)-31/Г 84 120000693355 5 2.30 Дост: Pk Вид: Ф N: 2 Дата: 20.04.2005 Книги
Изтеглен Не е изгубен Universal Decimal Classification Не е повреден без рестрикции заемане за дома 40593 Регионална библиотека "Любен Каравелов" Русе Регионална библиотека "Любен Каравелов" Русе Заемна - подръчен фонд 2011-10-28 Заемна - подръчен фонд 6.50 120000753991 П 820(73)-31/Г 84 120000753991 6 3.32 Дост: DA Вид: А N: 18 Дата: 28.10.2011 Дата инв: 14.02.2018 Бележки инв: П2018 Книги
  Не е изгубен Universal Decimal Classification Не е повреден без рестрикции заемане за дома 40594 Регионална библиотека "Любен Каравелов" Русе Регионална библиотека "Любен Каравелов" Русе Заемна - подръчен фонд 2013-12-09 Заемна - подръчен фонд 6.50 120000772684 П 821-31/Г 84 120000772684 7 3.32 Дост: DA Вид: А N: 20 Дата: 09.12.2013 Дата инв: 14.02.2018 Бележки инв: П2018 Книги
Vip Innovations Ltd, Rousse, Bulgaria 2025